[Event "Tradewise Gibraltar 2012 - Challenger B"]
[Site "Gibraltar ENG"]
[Date "2012.02.01"]
[Round "4.10"]
[White "Spence, David J"]
[Black "Mihajlov, Svetoslav"]
[Result "1-0"]
[WhiteElo "2213"]
[BlackElo "2101"]
[PlyCount "55"]
[EventDate "2012.01.28"]
[EventType "swiss"]
[EventRounds "5"]
[EventCountry "ENG"]
[Source "lmi"]
[SourceDate "2012.01.28"]

1. e4 c5 2. c3 d5 3. exd5 Qxd5 4. d4 Nf6 5. Nf3 e6 6. Be3 cxd4 7. cxd4 Be7 8.
Nc3 Qd6 9. Bd3 Nc6 10. a3 O-O 11. O-O b6 12. Qe2 Bb7 13. Rad1 Rad8 14. Rfe1 Nd5
15. Ne4 Qb8 16. Bb1 Nf4 17. Qc2 g6 18. Qd2 Nd5 19. Bh6 Rfe8 20. Ba2 Rd7 21. Bg5
Bxg5 22. Qxg5 Kg7 23. Bxd5 Rxd5 24. Qf6+ Kg8 25. Qh4 Rf5 26. Nf6+ Rxf6 27. Qxf6
Ne7 28. Ng5 1-0

[Event "Tradewise Gibraltar 2012 - Challenger B"]
[Site "Gibraltar ENG"]
[Date "2012.02.01"]
[Round "4.11"]
[White "Zygouris, Hristos"]
[Black "Uran Bermudez, Oliver Kevin"]
[Result "0-1"]
[WhiteElo "2205"]
[BlackElo "2099"]
[PlyCount "70"]
[EventDate "2012.01.28"]
[EventType "swiss"]
[EventRounds "5"]
[EventCountry "ENG"]
[Source "lmi"]
[SourceDate "2012.01.28"]

1. c4 c6 2. g3 g6 3. Bg2 Bg7 4. Nc3 Nf6 5. e4 d6 6. Nge2 Qc7 7. d3 a5 8. O-O e5
9. h3 Nbd7 10. Be3 b6 11. Qd2 Nc5 12. f4 O-O 13. f5 d5 14. cxd5 cxd5 15. exd5
Bxf5 16. Rxf5 gxf5 17. Bh6 Ne8 18. d4 exd4 19. Bxg7 Nxg7 20. Qxd4 Rad8 21. Nf4
Rfe8 22. Qf6 Ne4 23. Nxe4 fxe4 24. Re1 e3 25. Kh2 Qd6 26. Qc3 Qe5 27. Qb3 h5
28. h4 Rd6 29. Qb5 Rf6 30. Re2 Kh8 31. Qd7 Rg8 32. Qxf7 Nf5 33. Qxh5+ Rh6 34.
Rxe3 Qxe3 35. Qxf5 Qxg3+ 0-1

[Event "Tradewise Gibraltar 2012 - Challenger B"]
[Site "Gibraltar ENG"]
[Date "2012.02.01"]
[Round "4.12"]
[White "Agrest, Inna"]
[Black "Schouten, Freek"]
[Result "1-0"]
[WhiteElo "2189"]
[BlackElo "2073"]
[PlyCount "110"]
[EventDate "2012.01.28"]
[EventType "swiss"]
[EventRounds "5"]
[EventCountry "ENG"]
[Source "lmi"]
[SourceDate "2012.01.28"]

1. e4 g6 2. d4 Bg7 3. Nc3 d6 4. Nf3 Nf6 5. Bf4 c6 6. Qd2 O-O 7. Bd3 Qa5 8. h3
Nbd7 9. O-O e5 10. Be3 Re8 11. Rfe1 Nf8 12. d5 Qc7 13. Bf1 c5 14. b4 N6d7 15.
Nb5 Qb8 16. bxc5 Nxc5 17. Bxc5 dxc5 18. d6 Bd7 19. Nc7 Ne6 20. Nxa8 Qxa8 21. g3
b6 22. c3 Bc6 23. Qe3 Rd8 24. Rad1 Qb8 25. Bc4 Rxd6 26. Bd5 Ba4 27. Rd3 h6 28.
Re2 Qc7 29. Red2 Bb5 30. c4 Be8 31. Bxe6 Rxe6 32. Nh2 Kh7 33. Nf1 Bf6 34. h4
Bc6 35. Qe2 Qb7 36. f3 b5 37. Rb3 b4 38. Ne3 a5 39. Nd5 Bg7 40. Rbd3 a4 41. h5
Qb8 42. Ne3 Bf6 43. hxg6+ fxg6 44. Nd5 Bg5 45. Rd1 a3 46. Qf2 Ba4 47. Rb1 Qf8
48. Ne3 h5 49. Rd5 Rf6 50. Kg2 Re6 51. Rd3 Rd6 52. Nd5 Re6 53. Re1 Kh6 54. f4
Bd8 55. f5 Ra6 1-0

[Event "Tradewise Gibraltar 2012 - Challenger B"]
[Site "Gibraltar ENG"]
[Date "2012.02.01"]
[Round "4.13"]
[White "Whitehead, David J"]
[Black "Adler, Bo"]
[Result "1-0"]
[WhiteElo "2041"]
[BlackElo "2167"]
[PlyCount "78"]
[EventDate "2012.01.28"]
[EventType "swiss"]
[EventRounds "5"]
[EventCountry "ENG"]
[Source "lmi"]
[SourceDate "2012.01.28"]

1. e4 e5 2. Bc4 Nf6 3. d3 c6 4. Nf3 d5 5. Bb3 Be6 6. exd5 Bg4 7. dxc6 Nxc6 8.
O-O Bd6 9. Bg5 h6 10. Be3 O-O 11. Nbd2 Nd7 12. Ne4 Be7 13. Ng3 Nc5 14. Bxc5
Bxc5 15. h3 Bxf3 16. Qxf3 Qh4 17. c3 Kh8 18. Ne4 Bb6 19. Nd6 f5 20. Nf7+ Rxf7
21. Bxf7 Rf8 22. Bd5 e4 23. Qe2 Ne5 24. d4 Ng6 25. Kh2 Nf4 26. Qc4 Kh7 27. Rae1
Qd8 28. Bxe4 fxe4 29. Rxe4 Bc7 30. g3 Nd5 31. Qd3 Kh8 32. f4 Nf6 33. Re6 Qd5
34. Rfe1 Qh5 35. Qe2 Qf5 36. Re7 Bxf4 37. gxf4 Qxf4+ 38. Kh1 Qf5 39. Qg2 Nh5
1-0

[Event "Tradewise Gibraltar 2012 - Challenger B"]
[Site "Gibraltar ENG"]
[Date "2012.02.01"]
[Round "4.14"]
[White "Lam, Daniel King-Wai"]
[Black "Daoudi, Kamal"]
[Result "0-1"]
[WhiteElo "2022"]
[BlackElo "2165"]
[PlyCount "79"]
[EventDate "2012.01.28"]
[EventType "swiss"]
[EventRounds "5"]
[EventCountry "ENG"]
[Source "lmi"]
[SourceDate "2012.01.28"]

1. e4 c5 2. Nf3 Nc6 3. d4 cxd4 4. Nxd4 e5 5. Nb5 d6 6. c4 Be7 7. N1c3 a6 8. Na3
Nf6 9. Be2 Nd4 10. O-O O-O 11. Nc2 Nxe2+ 12. Qxe2 Be6 13. Ne3 Rc8 14. Ned5 Nxd5
15. Nxd5 f5 16. f4 g5 17. fxg5 f4 18. h4 b5 19. b3 bxc4 20. bxc4 Bxd5 21. cxd5
Qb6+ 22. Kh1 Rc3 23. Qg4 Rf7 24. Bd2 Rg3 25. Qc8+ Kg7 26. Be1 Rd3 27. Bf2 Qb4
28. Rae1 Rd2 29. Bg1 Rxa2 30. Qe6 Qd2 31. Bf2 Qd3 32. Qh6+ Kh8 33. Qe6 Rg7 34.
Rb1 Bf8 35. Qf5 Rg8 36. Kg1 Rxf2 37. Rxf2 Qxb1+ 38. Rf1 Qb6+ 39. Kh1 Qb5 40.
Re1 0-1

[Event "Tradewise Gibraltar 2012 - Challenger B"]
[Site "Gibraltar ENG"]
[Date "2012.02.01"]
[Round "4.15"]
[White "Rodriguez Boado, Martin"]
[Black "Havik, Victor"]
[Result "1/2-1/2"]
[WhiteElo "2164"]
[BlackElo "2066"]
[PlyCount "97"]
[EventDate "2012.01.28"]
[EventType "swiss"]
[EventRounds "5"]
[EventCountry "ENG"]
[Source "lmi"]
[SourceDate "2012.01.28"]

1. e4 e5 2. Nf3 Nc6 3. d4 exd4 4. Nxd4 Nf6 5. Nxc6 bxc6 6. e5 Qe7 7. Qe2 Nd5 8.
c4 Nb6 9. Nc3 Bb7 10. h4 h6 11. Bf4 Qe6 12. O-O-O a5 13. g3 O-O-O 14. b3 Ba3+
15. Kc2 g5 16. Bc1 Bxc1 17. Bh3 f5 18. Kxc1 c5 19. Nd5 Bxd5 20. cxd5 Nxd5 21.
Bxf5 Qc6 22. Rxd5 Qxd5 23. Be4 Qe6 24. Rd1 Qb6 25. f4 gxf4 26. gxf4 Rde8 27.
Qc4 Rhf8 28. Qd5 Qc6 29. Qd3 c4 30. Qd4 Rxf4 31. Bxc6 Rxd4 32. Rxd4 dxc6 33.
Rxc4 Rxe5 34. Rxc6 h5 35. Rh6 Kb7 36. Kb2 c6 37. a3 Rf5 38. b4 axb4 39. axb4
Kb6 40. Kc3 Kb5 41. Kd3 Rf3+ 42. Ke4 Rh3 43. Rxh5+ Kxb4 44. Rh8 c5 45. h5 c4
46. h6 Kb3 47. h7 Kc3 48. Kf5 Kc2 49. Kg4 1/2-1/2

[Event "Tradewise Gibraltar 2012 - Challenger B"]
[Site "Gibraltar ENG"]
[Date "2012.02.01"]
[Round "4.16"]
[White "Nwachukwu, Chino"]
[Black "Vinas Guerrero, Carlos A"]
[Result "0-1"]
[WhiteElo "1926"]
[BlackElo "2160"]
[PlyCount "114"]
[EventDate "2012.01.28"]
[EventType "swiss"]
[EventRounds "5"]
[EventCountry "ENG"]
[Source "lmi"]
[SourceDate "2012.01.28"]

1. e4 e5 2. Nf3 Nc6 3. Bb5 Nge7 4. O-O g6 5. Re1 Bg7 6. c3 a6 7. Ba4 O-O 8. h3
d5 9. d3 h6 10. Nbd2 d4 11. Bxc6 Nxc6 12. c4 Qd6 13. a3 a5 14. Nf1 Bd7 15. Bd2
Kh7 16. Rc1 f5 17. b4 fxe4 18. Rxe4 axb4 19. axb4 Nd8 20. Ng3 Bc6 21. Rg4 Bd7
22. Ne4 Qe7 23. Rh4 Nf7 24. Qe1 Nd6 25. Bg5 Qe8 26. Nxd6 cxd6 27. Qd2 h5 28.
Re1 Qf7 29. Bd8 Kg8 30. Ng5 Qf5 31. Be7 Rfe8 32. g4 hxg4 33. hxg4 Qf4 34. Qxf4
exf4 35. Nf3 Bc6 36. Nd2 Bf8 37. b5 Bd7 38. g5 Bxe7 39. Nf3 Bf8 40. Rxe8 Rxe8
41. Rxf4 Bg7 42. Nxd4 Re5 43. Nf3 Rf5 44. Rxf5 Bxf5 45. d4 Be4 46. Nd2 Bd3 47.
c5 dxc5 48. dxc5 Bxb5 49. Kh2 Bd4 50. Kg3 Bxc5 51. f4 Bd3 52. Kf3 b5 53. Nb3
Bb6 54. Nc1 Bc4 55. Ke4 b4 56. Nd3 Bxd3+ 57. Kxd3 Bc7 0-1

[Event "Tradewise Gibraltar 2012 - Challenger B"]
[Site "Gibraltar ENG"]
[Date "2012.02.01"]
[Round "4.18"]
[White "Dimitrijevic, Dragan"]
[Black "Dasaolu, Adeoye"]
[Result "0-1"]
[WhiteElo "1937"]
[BlackElo "2107"]
[PlyCount "92"]
[EventDate "2012.01.28"]
[EventType "swiss"]
[EventRounds "5"]
[EventCountry "ENG"]
[Source "lmi"]
[SourceDate "2012.01.28"]

1. d4 Nf6 2. Nf3 e6 3. c4 d5 4. Nc3 Be7 5. Bf4 O-O 6. e3 b6 7. Ne5 Bb7 8. Qc2
Nbd7 9. Be2 c5 10. Bf3 cxd4 11. exd4 Rc8 12. cxd5 Nxd5 13. Bxd5 Bxd5 14. O-O
Nxe5 15. dxe5 Rc4 16. Bd2 Qa8 17. f3 Rfc8 18. Rae1 b5 19. Qb1 b4 20. Ne2 Qb8
21. Nf4 Bb7 22. Nd3 a5 23. Be3 Ba6 24. Rf2 Qb5 25. f4 g6 26. Rfe2 Qd5 27. Rd2
Qc6 28. Qd1 Bh4 29. Bf2 Be7 30. Be3 Bb7 31. Qe2 h5 32. Red1 a4 33. Ne1 h4 34.
Rd7 Rc7 35. Rxc7 Qxc7 36. Rd4 Rxd4 37. Bxd4 h3 38. Nf3 Qc1+ 39. Kf2 hxg2 40.
Kxg2 Qxf4 41. Bf2 g5 42. Bg3 Qf5 43. h3 g4 44. hxg4 Qxg4 45. Qe3 Bg5 46. Qd3
Bh4 0-1

[Event "Tradewise Gibraltar 2012 - Challenger B"]
[Site "Gibraltar ENG"]
[Date "2012.02.01"]
[Round "4.19"]
[White "Taylor-Bowd, Philip J"]
[Black "Vea, Odin Blikra"]
[Result "0-1"]
[WhiteElo "2031"]
[BlackElo "2233"]
[PlyCount "92"]
[EventDate "2012.01.28"]
[EventType "swiss"]
[EventRounds "5"]
[EventCountry "ENG"]
[Source "lmi"]
[SourceDate "2012.01.28"]

1. e4 c5 2. Nf3 Nc6 3. d4 cxd4 4. Nxd4 Nf6 5. Nc3 d6 6. Bg5 Bd7 7. Be2 Qa5 8.
Bxf6 gxf6 9. O-O Nxd4 10. Qxd4 Rc8 11. a4 Qc5 12. Qxc5 Rxc5 13. Bb5 f5 14. exf5
Bg7 15. Bxd7+ Kxd7 16. f6 Bxf6 17. Ne4 Rxc2 18. Nxf6+ exf6 19. b4 Re8 20. Ra3
Ree2 21. Rh3 Rc4 22. Rxh7 Ke7 23. Rh3 Rxb4 24. Ra3 d5 25. g3 Kd6 26. h4 f5 27.
h5 Ke6 28. a5 f4 29. gxf4 Kf6 30. Rg3 Rxf4 31. Rb3 Rg4+ 32. Kh2 Rh4+ 33. Kg3
Rxh5 34. Rxb7 Re7 35. Rfb1 Rg5+ 36. Kf3 Rf5+ 37. Kg3 Re8 38. f3 Re3 39. Rf1 a6
40. Rb6+ Re6 41. Rfb1 d4 42. Rd1 Rd5 43. Kf4 Rxa5 44. Rxe6+ fxe6 45. Ke4 Re5+
46. Kf4 Rd5 0-1

[Event "Tradewise Gibraltar 2012 - Challenger B"]
[Site "Gibraltar ENG"]
[Date "2012.02.01"]
[Round "4.20"]
[White "Suez-Panama, Gilles"]
[Black "Lind, Jan-Olov"]
[Result "1-0"]
[WhiteElo "2034"]
[BlackElo "2219"]
[PlyCount "75"]
[EventDate "2012.01.28"]
[EventType "swiss"]
[EventRounds "5"]
[EventCountry "ENG"]
[Source "lmi"]
[SourceDate "2012.01.28"]

1. d4 Nf6 2. Nf3 g6 3. c4 Bg7 4. Nc3 O-O 5. g3 d6 6. Bg2 Nbd7 7. O-O a6 8. h3
c5 9. Be3 Rb8 10. a4 cxd4 11. Nxd4 Ne5 12. b3 Bd7 13. Rc1 Nc6 14. Nf3 b6 15.
Nh4 Na5 16. f4 Bc6 17. Nd5 Bxd5 18. cxd5 b5 19. Bf2 bxa4 20. bxa4 Nd7 21. Kh2
Nb6 22. Nf3 Bb2 23. Rb1 Nbc4 24. Bd4 Bxd4 25. Qxd4 Qd7 26. Qe4 Qxa4 27. Nd2 Qa2
28. Nxc4 Qxc4 29. Rxb8 Rxb8 30. Qxe7 Qc5 31. f5 Rf8 32. fxg6 hxg6 33. Rf4 Qc3
34. Be4 Qe3 35. Qxd6 Qxe2+ 36. Bg2 Nb3 37. Qf6 Nd2 38. Rh4 1-0

[Event "Tradewise Gibraltar 2012 - Challenger B"]
[Site "Gibraltar ENG"]
[Date "2012.02.01"]
[Round "4.21"]
[White "Heaton, Paul"]
[Black "Samu, Sorin-Mihai"]
[Result "0-1"]
[WhiteElo "1998"]
[BlackElo "2156"]
[PlyCount "100"]
[EventDate "2012.01.28"]
[EventType "swiss"]
[EventRounds "5"]
[EventCountry "ENG"]
[Source "lmi"]
[SourceDate "2012.01.28"]

1. c4 Nf6 2. Nc3 c5 3. g3 Nc6 4. Bg2 g6 5. Nf3 Bg7 6. O-O O-O 7. e4 e6 8. d4
cxd4 9. Nxd4 Nxd4 10. Qxd4 d5 11. Bg5 e5 12. Qxe5 dxc4 13. Rad1 Qb6 14. Qb5 Bg4
15. Qxb6 axb6 16. Rd6 Nd7 17. h3 Be5 18. Rd2 Be6 19. f4 Bxc3 20. bxc3 Nc5 21.
f5 Bc8 22. g4 Nd3 23. Rb1 Ra6 24. Be3 h5 25. Rxb6 Rxb6 26. Bxb6 Re8 27. Bd4
hxg4 28. hxg4 b5 29. Bh1 Bb7 30. e5 Bxh1 31. Kxh1 gxf5 32. gxf5 Nxe5 33. Rb2
Nf3 34. Rxb5 Kh7 35. Rc5 Re2 36. Bg1 Re1 37. Kg2 Nxg1 38. Rxc4 Ra1 39. Rh4+ Kg7
40. Kf2 Kf6 41. Rh1 Rxa2+ 42. Kxg1 Kxf5 43. Rh4 Kg5 44. Rc4 f5 45. Kf1 f4 46.
Kg1 Kg4 47. Rb4 Kg3 48. Rb1 Rg2+ 49. Kh1 Rh2+ 50. Kg1 f3 0-1

[Event "Tradewise Gibraltar 2012 - Challenger B"]
[Site "Gibraltar ENG"]
[Date "2012.02.01"]
[Round "4.22"]
[White "Attwood, James"]
[Black "Salomon, Johan"]
[Result "1-0"]
[WhiteElo "2072"]
[BlackElo "2002"]
[PlyCount "63"]
[EventDate "2012.01.28"]
[EventType "swiss"]
[EventRounds "5"]
[EventCountry "ENG"]
[Source "lmi"]
[SourceDate "2012.01.28"]

1. d4 Nf6 2. c4 g6 3. g3 c5 4. d5 e6 5. Nc3 exd5 6. cxd5 d6 7. Bg2 Bg7 8. Nf3
O-O 9. O-O Na6 10. Nd2 Nc7 11. Nc4 Re8 12. a4 Rb8 13. Bf4 Bf8 14. Qd2 b6 15. h3
Ba6 16. b3 Bxc4 17. bxc4 a6 18. Rab1 Qd7 19. Qd3 Bg7 20. Rb3 Rb7 21. Rfb1 Reb8
22. e4 Nh5 23. Bc1 f5 24. exf5 Qxf5 25. Ne4 Qd7 26. Bf1 Nf6 27. Ng5 Qxa4 28.
Ne6 Nxe6 29. dxe6 Bf8 30. Bg2 b5 31. Ra3 bxc4 32. Rxa4 1-0

[Event "Tradewise Gibraltar 2012 - Challenger B"]
[Site "Gibraltar ENG"]
[Date "2012.02.01"]
[Round "4.23"]
[White "Jablon, Stephen"]
[Black "Ungureanu, Sandu"]
[Result "0-1"]
[WhiteElo "1931"]
[BlackElo "2039"]
[PlyCount "66"]
[EventDate "2012.01.28"]
[EventType "swiss"]
[EventRounds "5"]
[EventCountry "ENG"]
[Source "lmi"]
[SourceDate "2012.01.28"]

1. d4 c5 2. d5 e5 3. e4 d6 4. f4 f6 5. Nf3 g6 6. Nc3 Bg7 7. fxe5 fxe5 8. Bb5+
Bd7 9. Ng5 Na6 10. Ne6 Qe7 11. Qe2 Nf6 12. Bg5 h6 13. Bh4 g5 14. Bg3 Kf7 15.
Bxd7 Qxd7 16. O-O Nc7 17. Nxc7 Qxc7 18. Qh5+ Kg8 19. Qg6 Rf8 20. Rf5 Qf7 21.
Qxf7+ Rxf7 22. Nb5 Nxe4 23. Rxf7 Kxf7 24. Nxa7 Nxg3 25. hxg3 e4 26. Rf1+ Kg6
27. Nb5 Be5 28. Re1 Re8 29. Nc7 Bd4+ 30. Kh2 Re5 31. c3 Bf2 32. Re2 e3 33. b3
g4 0-1

[Event "Tradewise Gibraltar 2012 - Challenger B"]
[Site "Gibraltar ENG"]
[Date "2012.02.01"]
[Round "4.24"]
[White "Campos Calvo-Sotelo, Juan"]
[Black "Perez Garcia, Alejandro"]
[Result "0-1"]
[WhiteElo "2028"]
[BlackElo "1845"]
[PlyCount "96"]
[EventDate "2012.01.28"]
[EventType "swiss"]
[EventRounds "5"]
[EventCountry "ENG"]
[Source "lmi"]
[SourceDate "2012.01.28"]

1. b4 a5 2. b5 Nf6 3. c4 d6 4. e3 g6 5. Bb2 Bg7 6. Nf3 O-O 7. d4 b6 8. Be2 Bb7
9. O-O Nbd7 10. Nbd2 Re8 11. h3 e5 12. Re1 exd4 13. exd4 Ne4 14. Nxe4 Bxe4 15.
Nd2 Nc5 16. Nxe4 Nxe4 17. Bf3 f5 18. Qc2 d5 19. a4 Rc8 20. Rad1 c6 21. Bxe4
fxe4 22. Qb3 dxc4 23. Qxc4+ Qd5 24. Qxd5+ cxd5 25. Rc1 Bh6 26. Rc6 Rxc6 27.
bxc6 Rc8 28. Bc1 Bg7 29. Be3 Rxc6 30. Rb1 Kf7 31. Kf1 Bf6 32. Ke1 Ke6 33. Kd1
Bd8 34. Rc1 Rc4 35. Rxc4 dxc4 36. Kc2 Kd5 37. Kb2 Be7 38. Kc2 Bb4 39. Kb2 h5
40. Kc2 Be7 41. Kc3 Bf6 42. g3 Bg7 43. g4 hxg4 44. hxg4 Bf6 45. Kc2 Bxd4 46. g5
Bxe3 47. fxe3 Kc5 48. Kc3 b5 0-1

[Event "Tradewise Gibraltar 2012 - Challenger B"]
[Site "Gibraltar ENG"]
[Date "2012.02.01"]
[Round "4.25"]
[White "Kandic, Milan"]
[Black "Serarols Mabras, Bernat"]
[Result "1-0"]
[WhiteElo "2131"]
[BlackElo "1914"]
[PlyCount "95"]
[EventDate "2012.01.28"]
[EventType "swiss"]
[EventRounds "5"]
[EventCountry "ENG"]
[Source "lmi"]
[SourceDate "2012.01.28"]

1. e4 c6 2. d4 d5 3. e5 c5 4. dxc5 Nc6 5. Nf3 e6 6. Be3 Nge7 7. c3 Ng6 8. Bb5
Qc7 9. Bd4 a5 10. O-O Bd7 11. Bxc6 Bxc6 12. b4 Be7 13. Nbd2 O-O 14. a4 Bd7 15.
g3 f6 16. Re1 f5 17. h3 Nh8 18. h4 Nf7 19. Kg2 g6 20. Rh1 Kg7 21. Qb3 h6 22. c4
Bc6 23. b5 dxc4 24. Qxc4 Bd5 25. Qc3 g5 26. Kg1 g4 27. Ne1 Bxh1 28. Kxh1 Rac8
29. Nd3 Qd7 30. Nf4 Nd8 31. Nb3 b6 32. c6 Qc7 33. Qe3 Rb8 34. Rc1 Kf7 35. Qc3
Bb4 36. Qc4 Rc8 37. Qd3 Rb8 38. Qe3 Be7 39. Bb2 Re8 40. Qd3 Bf8 41. Qc4 Bb4 42.
Rd1 Re7 43. Nd4 Rc8 44. Nxf5 Nb7 45. Kh2 Nc5 46. Nxe7 Kxe7 47. Rd6 Kf8 48.
Nxe6+ 1-0

[Event "Tradewise Gibraltar 2012 - Challenger B"]
[Site "Gibraltar ENG"]
[Date "2012.02.01"]
[Round "4.26"]
[White "Annetts, Ivor S"]
[Black "Rios Gonzalez, Jose Antonio"]
[Result "1-0"]
[WhiteElo "1895"]
[BlackElo "2024"]
[PlyCount "90"]
[EventDate "2012.01.28"]
[EventType "swiss"]
[EventRounds "5"]
[EventCountry "ENG"]
[Source "lmi"]
[SourceDate "2012.01.28"]

1. e4 e5 2. Nf3 Nc6 3. Bb5 a6 4. Ba4 Nf6 5. O-O Be7 6. Re1 b5 7. Bb3 O-O 8. a4
Bb7 9. d3 d6 10. Nbd2 Na5 11. Ba2 c5 12. Nf1 Nd7 13. Bd2 b4 14. Ne3 Nb6 15. Nf5
Bf6 16. g4 g6 17. Nh6+ Kg7 18. g5 Be7 19. h4 f5 20. Qe2 Qd7 21. Nh2 Nc6 22. c3
Nxa4 23. Rab1 Nb6 24. h5 f4 25. hxg6 hxg6 26. Nf5+ gxf5 27. Qh5 Bxg5 28. Qxg5+
Kh8 29. Qh6+ Qh7 30. Qxh7+ Kxh7 31. Nf3 fxe4 32. Ng5+ Kg6 33. Nxe4 f3 34. Kh2
Rh8+ 35. Kg3 b3 36. Bxb3 d5 37. Nxc5 Bc8 38. Kxf3 Bf5 39. Rg1+ Kf6 40. Bg5+ Kf7
41. Ke2 Rh2 42. Rg3 Rf8 43. Rbg1 Ke8 44. R3g2 Rh7 45. Bd2 a5 1-0

[Event "Tradewise Gibraltar 2012 - Challenger B"]
[Site "Gibraltar ENG"]
[Date "2012.02.01"]
[Round "4.27"]
[White "Knudsen, Jes West"]
[Black "Hamer, Martyn"]
[Result "0-1"]
[WhiteElo "1892"]
[BlackElo "2010"]
[PlyCount "88"]
[EventDate "2012.01.28"]
[EventType "swiss"]
[EventRounds "5"]
[EventCountry "ENG"]
[Source "lmi"]
[SourceDate "2012.01.28"]

1. e4 Nf6 2. Nc3 e5 3. Bc4 Nc6 4. d3 Bc5 5. f4 d6 6. Nf3 a6 7. Rf1 Be6 8. Nd5
exf4 9. Bxf4 Bxd5 10. exd5 Nb8 11. Qe2+ Qe7 12. Qxe7+ Kxe7 13. O-O-O Re8 14.
Bg5 Nbd7 15. d4 Ba7 16. Nh4 Kf8 17. Nf5 b5 18. Bb3 Re4 19. c3 Rae8 20. h3 Re2
21. g4 Rh2 22. Rd3 Ree2 23. Rdf3 Ne4 24. Bf4 Rhf2 25. g5 Rxb2 26. h4 g6 27. Nh6
Rxf1+ 28. Rxf1 Rf2 29. Rxf2 Nxf2 30. Bc2 f5 31. a4 Nb6 32. axb5 axb5 33. Bg3
Ne4 34. Be1 Nxd5 35. Bxe4 fxe4 36. Ng4 c5 37. Bg3 Ke7 38. dxc5 Bxc5 39. Kd2 Bb6
40. Nf6 Nxf6 41. gxf6+ Kxf6 42. Bxd6 Kf5 43. Be7 h5 44. Ke2 Bc7 0-1

[Event "Tradewise Gibraltar 2012 - Challenger B"]
[Site "Gibraltar ENG"]
[Date "2012.02.01"]
[Round "4.30"]
[White "Morris-Hill, Ray"]
[Black "Hadrych, Craig"]
[Result "1-0"]
[WhiteElo "2005"]
[BlackElo "1821"]
[PlyCount "69"]
[EventDate "2012.01.28"]
[EventType "swiss"]
[EventRounds "5"]
[EventCountry "ENG"]
[Source "lmi"]
[SourceDate "2012.01.28"]

1. c4 e5 2. g3 Nf6 3. Bg2 d5 4. cxd5 Nxd5 5. Nc3 Nb6 6. Nf3 Nc6 7. O-O Be7 8.
a3 a5 9. b3 O-O 10. d3 f5 11. e3 Be6 12. Bb2 Bf6 13. Qc2 Qd7 14. Rad1 Qf7 15.
Nd2 Rfd8 16. Ne2 Nd5 17. Nc4 Rac8 18. Nc3 Nde7 19. Nb5 Rd7 20. Rd2 Rcd8 21.
Rfd1 g6 22. Bc3 b6 23. Qb2 Qg7 24. Qa1 Nd5 25. Bb2 Re8 26. Nc3 Na7 27. Nxd5
Bxd5 28. Bxd5+ Rxd5 29. e4 Rd7 30. f4 Qe7 31. Nxe5 Bxe5 32. Bxe5 fxe4 33. dxe4
Nc6 34. Rxd7 Qxd7 35. Rxd7 1-0

[Event "Tradewise Gibraltar 2012 - Challenger B"]
[Site "Gibraltar ENG"]
[Date "2012.02.01"]
[Round "4.31"]
[White "Morenilla Rocher, Fernando"]
[Black "Rodriguez Gonzalez, Alex"]
[Result "0-1"]
[WhiteElo "1853"]
[BlackElo "2002"]
[PlyCount "52"]
[EventDate "2012.01.28"]
[EventType "swiss"]
[EventRounds "5"]
[EventCountry "ENG"]
[Source "lmi"]
[SourceDate "2012.01.28"]

1. e4 c5 2. Nf3 a6 3. d4 cxd4 4. Nxd4 Nf6 5. Nc3 e5 6. Nf3 Bb4 7. Bd2 O-O 8.
Bd3 Nc6 9. O-O d6 10. h3 h6 11. a3 Bc5 12. b4 Ba7 13. Nd5 Nxd5 14. exd5 Ne7 15.
c4 f5 16. Nh2 e4 17. Bc2 Ng6 18. Bc3 Qg5 19. Kh1 Nf4 20. g4 Nxh3 21. c5 fxg4
22. Bxe4 Nxf2+ 23. Rxf2 Rxf2 24. Qd4 g3 25. Nf3 Qg4 26. Bh7+ Kxh7 0-1

[Event "Tradewise Gibraltar 2012 - Challenger B"]
[Site "Gibraltar ENG"]
[Date "2012.02.01"]
[Round "4.32"]
[White "Bishop, Geoffrey L"]
[Black "Campbell, Ian"]
[Result "0-1"]
[WhiteElo "1811"]
[BlackElo "2001"]
[PlyCount "78"]
[EventDate "2012.01.28"]
[EventType "swiss"]
[EventRounds "5"]
[EventCountry "ENG"]
[Source "lmi"]
[SourceDate "2012.01.28"]

1. e4 g6 2. d4 Bg7 3. Nc3 d6 4. f4 e6 5. Nf3 Ne7 6. Be3 a6 7. Be2 Nd7 8. Qd2 b5
9. d5 e5 10. O-O f6 11. fxe5 Nxe5 12. Nxe5 dxe5 13. Bh6 O-O 14. a4 b4 15. Nd1
a5 16. Bxg7 Kxg7 17. Ne3 Ba6 18. Bxa6 Rxa6 19. Ng4 Qd6 20. Qh6+ Kg8 21. Qd2
Qc5+ 22. Kh1 Rd6 23. Rf3 h5 24. Nf2 Kg7 25. Nd3 Qd4 26. Qe2 Rb8 27. Rd1 Ng8 28.
Nf4 Qxb2 29. Ne6+ Kf7 30. Nxc7 b3 31. Nb5 bxc2 32. Nxd6+ Ke7 33. Rdf1 c1=Q 34.
Qa6 Qc7 35. Nb5 Qb6 36. d6+ Kd7 37. Qxb6 Rxb6 38. R3f2 Qb3 39. Rc1 Rc6 0-1

[Event "Tradewise Gibraltar 2012 - Challenger B"]
[Site "Gibraltar ENG"]
[Date "2012.02.01"]
[Round "4.35"]
[White "Gravett, Alan David"]
[Black "Bucknell, Malcolm Gordon"]
[Result "1/2-1/2"]
[WhiteElo "1931"]
[BlackElo "1937"]
[PlyCount "84"]
[EventDate "2012.01.28"]
[EventType "swiss"]
[EventRounds "5"]
[EventCountry "ENG"]
[Source "lmi"]
[SourceDate "2012.01.28"]

1. g3 Nf6 2. Bg2 d5 3. Nf3 c6 4. c4 e6 5. b3 Nbd7 6. Bb2 Be7 7. O-O O-O 8. d3
b5 9. Nbd2 Rb8 10. cxd5 cxd5 11. Nd4 Qb6 12. N4f3 a5 13. a4 bxa4 14. Rxa4 Nc5
15. Bd4 Bd7 16. Ra1 Qb4 17. Rb1 Rfc8 18. Bxc5 Rxc5 19. Ne5 Bd6 20. Nxd7 Nxd7
21. e4 Rc3 22. exd5 Rxd3 23. Rb2 Qd4 24. Rc2 Bb4 25. Rc4 Qa7 26. dxe6 fxe6 27.
Qe1 Nf8 28. Qe5 Bd6 29. Qb2 Be7 30. Qc2 Qd7 31. Rc7 Rxd2 32. Rxd7 Rxc2 33. Rxe7
Rxb3 34. Bh3 a4 35. Bg4 Rb4 36. Bxe6+ Nxe6 37. Rxe6 a3 38. Ra6 a2 39. Kg2 h6
40. h4 Rbb2 41. h5 Rc5 42. g4 Rcc2 1/2-1/2

[Event "Tradewise Gibraltar 2012 - Challenger B"]
[Site "Gibraltar ENG"]
[Date "2012.02.01"]
[Round "4.36"]
[White "Hansen, Henrik Damgaard"]
[Black "Baeza Escudero, Javier"]
[Result "1/2-1/2"]
[WhiteElo "1859"]
[BlackElo "2054"]
[PlyCount "109"]
[EventDate "2012.01.28"]
[EventType "swiss"]
[EventRounds "5"]
[EventCountry "ENG"]
[Source "lmi"]
[SourceDate "2012.01.28"]

1. e4 e5 2. Nf3 Nc6 3. d4 exd4 4. Nxd4 Nf6 5. Nc3 Bb4 6. Nxc6 bxc6 7. Bd3 d5 8.
O-O Bxc3 9. bxc3 dxe4 10. Bxe4 Nxe4 11. Qe2 Qe7 12. Re1 O-O 13. Qxe4 Qxe4 14.
Rxe4 Bf5 15. Rc4 Rfe8 16. Bf4 Re6 17. Bxc7 Rae8 18. h3 Bxc2 19. Rd4 h6 20. Rd2
Ba4 21. Rb1 c5 22. f3 R8e7 23. Bd8 Re8 24. Ba5 Ra6 25. Bc7 Ree6 26. Kf2 Kh7 27.
Rbb2 Be8 28. Rd5 Rec6 29. Bf4 f6 30. Be3 Ra5 31. Rd8 Bf7 32. Rd7 Be6 33. Rdd2
Ra3 34. Rdc2 Bf5 35. Rc1 Ra5 36. Rd1 Rca6 37. Rdd2 Be6 38. h4 Kg6 39. g3 Kf7
40. Ke1 f5 41. Kf2 Kf6 42. Ke1 Bf7 43. f4 Re6 44. Kf2 Rea6 45. Rbc2 Bxa2 46.
Bxc5 Rxc5 47. Rxa2 Rxa2 48. Rxa2 a5 49. Ra3 Ke6 50. Ke3 Kd5 51. Kd3 g6 52. Ra4
Kc6 53. c4 Kb6 54. Kd4 Rc8 55. Kd5 1/2-1/2